El mono desnudo; un estudio del animal humano /

Guardado en:
Autor Principal: Morris, Desmond
Formato: Libro
Publicado: Buenos Aires : Orbis / Hispam'rica, 1986
Materias:
Etiquetas: Agregar Etiqueta
Sin Etiquetas, Sea el primero en etiquetar este registro!
LEADER 00811nam a22002055a 4500
001 CEM.cems004540
005 20060216000000.0
008 130507s1986##################000#0#####d
003 CEMS
082 0 4 |a 572 
100 1 |a Morris, Desmond 
245 1 0 |a El mono desnudo; un estudio del animal humano / 
260 |a Buenos Aires :  |b Orbis / Hispam'rica,  |c 1986 
300 |a 160 p. 
505 0 |a HOMBRE:origen, evoluci¢n.-Sexo y vida social.-Diferencia macho-hembra. -Inteligencia.-Posici¢n erecta y habla.-Cerebro, genes y cultura. -Selecci¢n natural y maternidad.-Comunicaci¢n y cooperaci¢n.-Territorialidad, migraci¢n y diferenciaci¢n. 
653 |a Antropologia 
653 |a Hombre-conducta 
653 |a Hombre-origen del 
653 |a Sexualidad 
859 |a CEMS  |b BIB. CEMS - 11 de abril  |h 572  |i M831  |p 14376.86  |t Ej.1